000 00541nam a22001937a 4500
999 _c172260
_d172260
005 20200130145757.0
010 _aA-333739
020 _c15.00
035 _aA-333739
037 _bBPPD/Pub.
082 _a847
100 _aمجتبیا حوسین
245 _aالغرض /
_cمجتبیا حوسین
246 _aAlgarz (Urdu) /
_bby Majtbya Hussain
260 _aHyderabad
_bHussami Book Depot
_c1987 ء
270 _aMachli Kaman
_bHyderabad
_e2
300 _a150p.
_c20cm(pbk)
942 _2ddc
_cUR
_h847
_mم ج ت